000 00422nam a2200157Ia 4500
003 Ost
005 20260225132546.0
008 260225s9999||||xx |||||||||||||| ||und||
040 _cfsic
041 _afre
082 _a440
100 _aConférence scientifique
_eAuteur
245 0 _aKarl Marx et notre époque :
245 0 _bla lutte pour la paix et le progrés soçial /
_cConférence scientifique
942 _cكتاب
999 _c33860
_d33860